Проблемы неплатежей по обязательствам при переходе на международные стандарты финансовой отчётности; Справочник. Инженерный журнал; № 1

Bibliografiske detaljer
Parent link:Справочник. Инженерный журнал: научно-технический и производственный журнал.— , 2000-.— 0203-347X
№ 1.— 2003.— С. 49-54
Hovedforfatter: Попова Л. В.
Andre forfattere: Никулина Л. Н.
Sprog:russisk
Udgivet: 2003
Serier:Экономика
Fag:
Format: MixedMaterials Book Chapter
KOHA link:https://koha.lib.tpu.ru/cgi-bin/koha/opac-detail.pl?biblionumber=384514

MARC

LEADER 00000naa2a2200000 4500
001 384514
005 20231101063244.0
035 |a (RuTPU)RU\TPU\prd\11261 
090 |a 384514 
100 |a 20030304a2003 k y0rusy50 ca 
101 0 |a rus 
102 |a RU 
200 1 |a Проблемы неплатежей по обязательствам при переходе на международные стандарты финансовой отчётности  |f Л. В. Попова, Л. Н. Никулина 
225 1 |a Экономика 
461 1 |0 (RuTPU)RU\TPU\prd\1723  |x 0203-347X  |t Справочник. Инженерный журнал  |o научно-технический и производственный журнал  |d 2000- 
463 1 |0 (RuTPU)RU\TPU\prd\11121  |t № 1  |v С. 49-54  |d 2003 
610 1 |a неплатежи 
610 1 |a финансовая отчётность 
610 1 |a международные стандарты 
700 1 |a Попова  |b Л. В. 
701 1 |a Никулина  |b Л. Н. 
801 1 |a RU  |b 63413507  |c 20030304  |g PSBO 
801 2 |a RU  |b 63413507  |c 20140115  |g RCR 
942 |c BK